|
|
|
|
| LEADER |
01120nam a22003014a 4500 |
| 001 |
5164 |
| 003 |
BD-DhAAL |
| 005 |
20150211100412.0 |
| 008 |
150211s2004 dcua b 001 0 eng |
| 010 |
|
|
|a 2004056637
|
| 020 |
|
|
|a 0881323721 (pbk.)
|
| 040 |
|
|
|a DLC
|c DLC
|d DLC
|d BD-DhAAL
|
| 050 |
0 |
0 |
|a RA441
|b .L48 2004
|
| 082 |
0 |
0 |
|a 362.1/09172/4
|2 22
|
| 100 |
1 |
|
|a Levine, Ruth,
|d 1959-
|9 8243
|
| 245 |
1 |
0 |
|a Millions saved :
|b proven successes in global health /
|c by Ruth Levine and the What Works Working Group with Molly Kinder.
|
| 246 |
3 |
|
|a MillionsSaved
|
| 260 |
|
|
|a Washington, D.C. :
|b Center for Global Development,
|c c2004.
|
| 300 |
|
|
|a xiii, 167 p. :
|b ill. ;
|c 26 cm.
|
| 504 |
|
|
|a Includes bibliographical references and index.
|
| 541 |
|
|
|e 5164
|
| 650 |
|
0 |
|a World health.
|9 8244
|
| 650 |
|
0 |
|a Public health
|z Developing countries.
|9 8245
|
| 700 |
1 |
|
|a Kinder, Molly.
|9 8246
|
| 710 |
1 |
|
|a What Works Working Group.
|9 8247
|
| 942 |
|
|
|2 ddc
|c BK
|
| 999 |
|
|
|c 33654
|d 33654
|
| 952 |
|
|
|0 0
|1 0
|2 ddc
|4 0
|6 362_109172400000000_LEV
|7 0
|9 52564
|a SCL
|b SCL
|c GEN
|d 2015-02-11
|l 0
|o 362.1091724 LEV
|p 3020005164
|r 2015-02-11
|t 1
|w 2015-02-11
|y BK
|